Football : équipe de France liste coupe du monde 2022 - Statistiques

Statistiques générales
  • Ce quiz a été pris 239 fois
  • Le résultat moyen est 23 sur 26
Statistiques - réponses
Club Poste Joueur % Correct
Tottenham Gardien Lloris
97%
Atletico Madrid Milieu offensif Griezmann
96%
PSG Ailier Mbappé
95%
FC Barcelone Ailier Dembélé
93%
Ac Milan Attaquant de pointe Giroud
93%
Bayern Munich Latéral gauche Hernandez
93%
AC Milan Latéral gauche Hernandez
93%
FC Barcelone Latéral droit Koundé
93%
Real Madrid Milieu défensif Tchouaméni
93%
Real Madrid Milieu Camavinga
91%
Bayern Munich Latéral droit Pavard
91%
Juventus Milieu Rabiot
90%
Bayern Munich Défenseur central Upamecano
90%
Bayern Munich Ailier Coman
89%
Frankfurt Attaquant de pointe Kolo Muani
88%
Arsenal Défenseur central Saliba
88%
West Ham Gardien Areola
87%
Manchester United Défenseur central Varane
86%
Stade Rennais Gardien Mandanda
85%
Monchengladbach Attaquant de pointe Thuram
85%
Real Madrid Attaquant de pointe Benzema
84%
Liverpool Défenseur central Konaté
84%
AS Monaco Milieu Fofana
77%
OM Milieu Guendouzi
76%
OM Milieu Veretout
72%
AS Monaco Défenseur central Disasi
61%
Aucun quiz correspondant
Distribution des résultats
% des personnes avec chaque résultat
Percentile par nombre de réponses
Votre historique - résultats
Vous n’avez pas pris ce quiz